000 00360nam a2200145Ia 4500
008 230917s9999||||xx |||||||||||||| ||und||
040 _e79711
_aMAIN
041 _aEnglish
082 _a307.772 T329T
100 _aThapar, Ramesh, ed
245 0 _aTribe, caste and religion in India
260 _aDelhi
_bMacmillan
_c1977
300 _ax, 167 p.
942 _cBK
999 _c93892
_d93892